<?xml version="1.0" encoding="UTF-8"?>
<record
    xmlns:xsi="http://www.w3.org/2001/XMLSchema-instance"
    xsi:schemaLocation="http://www.loc.gov/MARC21/slim http://www.loc.gov/standards/marcxml/schema/MARC21slim.xsd"
    xmlns="http://www.loc.gov/MARC21/slim">

  <leader>03458cam a2200325 a 4500</leader>
  <datafield tag="999" ind1=" " ind2=" ">
    <subfield code="c">18275</subfield>
    <subfield code="d">18275</subfield>
  </datafield>
  <controlfield tag="001">16050782</controlfield>
  <controlfield tag="005">20161205100057.0</controlfield>
  <controlfield tag="008">100112s2010    miua   j b    001 0 eng  </controlfield>
  <datafield tag="010" ind1=" " ind2=" ">
    <subfield code="a">  2010000262</subfield>
  </datafield>
  <datafield tag="020" ind1=" " ind2=" ">
    <subfield code="a">9780737747492 (hardcover)</subfield>
  </datafield>
  <datafield tag="020" ind1=" " ind2=" ">
    <subfield code="a">0737747498 (hardcover)</subfield>
  </datafield>
  <datafield tag="020" ind1=" " ind2=" ">
    <subfield code="a">9780737747508 (pbk.)</subfield>
  </datafield>
  <datafield tag="020" ind1=" " ind2=" ">
    <subfield code="a">0737747501 (pbk.)</subfield>
  </datafield>
  <datafield tag="035" ind1=" " ind2=" ">
    <subfield code="a">(OCoLC)ocn441153969</subfield>
  </datafield>
  <datafield tag="040" ind1=" " ind2=" ">
    <subfield code="a">DLC</subfield>
    <subfield code="c">DLC</subfield>
    <subfield code="d">BTCTA</subfield>
    <subfield code="d">YDXCP</subfield>
    <subfield code="d">IBI</subfield>
    <subfield code="d">SIN</subfield>
    <subfield code="d">C#P</subfield>
    <subfield code="d">IOE</subfield>
    <subfield code="d">QBX</subfield>
    <subfield code="d">EDK</subfield>
    <subfield code="d">EEK</subfield>
    <subfield code="d">SGB</subfield>
    <subfield code="d">DLC</subfield>
  </datafield>
  <datafield tag="050" ind1="0" ind2="0">
    <subfield code="a">LB1062.6 </subfield>
    <subfield code="b">.A33 2010</subfield>
  </datafield>
  <datafield tag="245" ind1="0" ind2="4">
    <subfield code="a">The achievement gap /</subfield>
    <subfield code="c">Karen Miller, book editor.</subfield>
  </datafield>
  <datafield tag="260" ind1=" " ind2=" ">
    <subfield code="a">Detroit :</subfield>
    <subfield code="b">Greenhaven Press,</subfield>
    <subfield code="c">c2010.</subfield>
  </datafield>
  <datafield tag="300" ind1=" " ind2=" ">
    <subfield code="a">249 p. :</subfield>
    <subfield code="b">ill. ;</subfield>
    <subfield code="c">24 cm.</subfield>
  </datafield>
  <datafield tag="490" ind1="1" ind2=" ">
    <subfield code="a">Opposing viewpoints series</subfield>
  </datafield>
  <datafield tag="504" ind1=" " ind2=" ">
    <subfield code="a">Includes bibliographical references and index.</subfield>
  </datafield>
  <datafield tag="505" ind1="0" ind2="0">
    <subfield code="t">What causes the achievement gap?</subfield>
    <subfield code="t">Racial differences contribute to the achievement gap /</subfield>
    <subfield code="r">Melissa Jenco --</subfield>
    <subfield code="t">Racial differences do not contribute to the achievement gap /</subfield>
    <subfield code="r">Al Ramirez and Dick Carpenter --</subfield>
    <subfield code="t">Members of higher social classes have an academic edge /</subfield>
    <subfield code="r">Richard E Nisbett --</subfield>
    <subfield code="t">Members of all social classes have equal access to educational information /</subfield>
    <subfield code="r">Paul Teske, Jody Fitzpatrick, and Gabriel Kaplan --</subfield>
    <subfield code="t">The achievement gap in mathematics is caused by a lack of resources /</subfield>
    <subfield code="r">Alfinio Flores --</subfield>
    <subfield code="t">The achievement gap in mathematics could be narrowed with better planning /</subfield>
    <subfield code="r">Frances R Spielhagen --</subfield>
    <subfield code="t">How do schools affect the achievement gap?</subfield>
    <subfield code="t">Schools reinforce cultural advantages /</subfield>
    <subfield code="r">Jean Yonemura Wing --</subfield>
    <subfield code="t">Schools reinforce cultural disadvantages /</subfield>
    <subfield code="r">Jamie Lew --</subfield>
    <subfield code="t">Poor-quality educators contribute to the urban achievement gap /</subfield>
    <subfield code="r">Joel I. Klein --</subfield>
    <subfield code="t">School violence contributes to the urban achievement gap /</subfield>
    <subfield code="r">Steve Giegerich --</subfield>
    <subfield code="t">Boys achieve less in literacy because schools do not support their interests /</subfield>
    <subfield code="r">Peg Tyre --</subfield>
    <subfield code="t">What educational strategies narrow the achievement gap?</subfield>
    <subfield code="t">Closing the achievement gap requires training school leaders /</subfield>
    <subfield code="r">Jos&#xE9; W. Lalas and Ronald D. Morgan --</subfield>
    <subfield code="t">Personal responsibility is important for academic achievement /</subfield>
    <subfield code="r">Barack Obama --</subfield>
    <subfield code="t">Age at kindergarten entry affects future disparities in student achievement /</subfield>
    <subfield code="r">Elizabeth Cascio --</subfield>
    <subfield code="t">Arts programs help narrow the achievement gap /</subfield>
    <subfield code="r">Doug Belden --</subfield>
    <subfield code="t">How does public policy affect the achievement gap?</subfield>
    <subfield code="t">No Child Left Behind Act has increased student achievement /</subfield>
    <subfield code="r">Naomi Chudowsky, Victor Chudowsky, and Nancy Kober --</subfield>
    <subfield code="t">No Child Left Behind Act has widened the achievement gap /</subfield>
    <subfield code="r">Liz Hollingworth --</subfield>
    <subfield code="t">School vouchers narrow the achievement gap /</subfield>
    <subfield code="r">Andrew Coulson --</subfield>
    <subfield code="t">School vouchers do not narrow the achievement gap /</subfield>
    <subfield code="r">Patrick Wolf...[et al.] --</subfield>
    <subfield code="t">Removing bias in academic science and engineering will narrow gender barriers /</subfield>
    <subfield code="r">Committee on Maximizing the Potential of Women in Academic Science and Engineering --</subfield>
    <subfield code="t">Enforcing Title IX will not narrow the gender achievement gap in the sciences /</subfield>
    <subfield code="r">Patricia Hausman.</subfield>
  </datafield>
  <datafield tag="650" ind1=" " ind2="0">
    <subfield code="a">Academic achievement</subfield>
    <subfield code="z">United States</subfield>
    <subfield code="v">Juvenile literature.</subfield>
  </datafield>
  <datafield tag="650" ind1=" " ind2="0">
    <subfield code="a">Educational equalization</subfield>
    <subfield code="z">United States</subfield>
    <subfield code="v">Juvenile literature.</subfield>
  </datafield>
  <datafield tag="700" ind1="1" ind2=" ">
    <subfield code="a">Miller, Karen,</subfield>
    <subfield code="d">1973-</subfield>
  </datafield>
  <datafield tag="942" ind1=" " ind2=" ">
    <subfield code="2">lcc</subfield>
    <subfield code="c">BOOKS</subfield>
    <subfield code="h">LB1062.6 .A33 2010</subfield>
  </datafield>
  <datafield tag="952" ind1=" " ind2=" ">
    <subfield code="0">0</subfield>
    <subfield code="1">0</subfield>
    <subfield code="2">lcc</subfield>
    <subfield code="4">0</subfield>
    <subfield code="7">0</subfield>
    <subfield code="a">MUC</subfield>
    <subfield code="b">MUC</subfield>
    <subfield code="c">TECH</subfield>
    <subfield code="d">2016-12-05</subfield>
    <subfield code="e">Donation(B.F.A)</subfield>
    <subfield code="l">0</subfield>
    <subfield code="o">LB1062.6 .A33 2010</subfield>
    <subfield code="p">28700</subfield>
    <subfield code="r">2018-06-25</subfield>
    <subfield code="w">2016-12-05</subfield>
    <subfield code="y">BOOKS</subfield>
  </datafield>
</record>
